| 000 | 01002nam a2200349 a 4500 | ||
|---|---|---|---|
| 003 | AR-BaBNM | ||
| 005 | 20251128210044.0 | ||
| 008 | 082120s2002 ||||||||||||||000 | spa|| | ||
| 020 | _a84-224-0586-5 | ||
| 040 | _cAR-BaBNM | ||
| 100 | 1 | _aPicq, Louis | |
| 245 | 0 | 0 |
_aEducación psicomotriz y retraso mental _baplicación a los diversos tipos de inadaptación |
| 260 |
_aBarcelona _bCientífico-Médica _c1985 |
||
| 300 |
_a274 p. _bil. |
||
| 504 | _aContiene bibliografía p. 271-274 | ||
| 650 | 4 | _aPSICOMOTRICIDAD | |
| 650 | 4 | _aDESARROLLO | |
| 650 | 4 | _aDESTREZAS PSICOMOTRICES | |
| 650 | 4 | _aEDUCACION FISICA | |
| 650 | 4 | _aDESARROLLO MOTOR | |
| 650 | 4 | _aNIÑOS | |
| 650 | 4 | _aACTIVIDADES SENSOMOTRICES | |
| 650 | 4 | _aPERCEPCION | |
| 650 | 4 | _aRETARDO MENTAL | |
| 650 | 4 | _aEDUCACION ESPECIAL | |
| 653 | _aDISCAPACIDAD MENTAL | ||
| 700 | 1 | _aVayer, Pierre | |
| 700 | 1 |
_aLaunay, Clément _eprologuista |
|
| 700 | 1 |
_aVera, Francisco T. _etraductor |
|
| 942 | _cBK | ||
| 998 | _cRaquel | ||
| 999 |
_c13831 _d13831 |
||